=LDR 00000nam 2200000 4500 =001 INLIS000000000047366 =005 20200402084705 =035 ##$$a 0010-101500000000077 =008 200402################g##########0#ind## =020 ##$$a 979-8175-08-5 =082 ##$$a 2x4 =090 ##$$a 650 Dia d =245 ##$$a Kebangkitan Pengusaha Muslim, dialog bisnis /$c K.H. AR Fachruddin, Arifin M Siregar =260 ##$$a Jakarta :$b Bina rena Pariwara,$c 1991 =300 ##$$a 266 hlm ; $c 14,5 x 21 cm =700 #$$a Rahimi Sutan =850 ##$$a NBPDMAT =084 ##$$a 2x4 KEB =250 ##$$a cet.1 =650 #4$$a Bisnis =990 ##$$a 00043794